[Event "GER-chT U14"]
[Site "Kelheim"]
[Date "2022.12.29"]
[Round "5"]
[White "Yetim, Orhan"]
[Black "Babychev, Mykhailo"]
[Result "1-0"]
[WhiteElo "1404"]
[BlackElo "1393"]
[PlyCount "46"]
[EventDate "2022.12.26"]
[EventType "team-swiss"]
[EventRounds "7"]
[EventCountry "GER"]
[SourceTitle "CBM 212 Extra"]
[Source "ChessBase"]
[SourceDate "2023.03.31"]
[SourceVersion "1"]
[SourceVersionDate "2023.03.31"]
[SourceQuality "1"]
[WhiteTeam "Augsburg SF"]
[BlackTeam "Hamburger SK"]
[WhiteTeamCountry "GER"]
[BlackTeamCountry "GER"]

1. e4 c5 2. Nf3 e6 3. c3 Nc6 4. d4 cxd4 5. cxd4 d6 6. Nc3 Nf6 7. Bb5 Bd7 8. 0-0 Be7 9. Qb3 Qc7 10. Bg5 a6 11. Bd3 0-0 12. Rfe1 Nh5 13. Bxe7 Nxe7 14. g3 Rac8 15. e5 Bc6 16. Qd1 g6 17. Be4 d5 18. Bc2 Ng7 19. Qd2 Ngf5 20. g4 Ng7 21. Qh6 f6 22. exf6 Rxf6 23. Ng5 Kf8 1-0

[Event "GER-chT U14"]
[Site "Kelheim"]
[Date "2022.12.27"]
[Round "2"]
[White "Lischka, Marten1111"]
[Black "Yetim, Orhan"]
[Result "1-0"]
[WhiteElo "1598"]
[BlackElo "1404"]
[PlyCount "73"]
[EventDate "2022.12.26"]
[EventType "team-swiss"]
[EventRounds "7"]
[EventCountry "GER"]
[SourceTitle "CBM 212 Extra"]
[Source "ChessBase"]
[SourceDate "2023.03.31"]
[SourceVersion "1"]
[SourceVersionDate "2023.03.31"]
[SourceQuality "1"]
[WhiteTeam "Halle USV"]
[BlackTeam "Augsburg SF"]
[WhiteTeamCountry "GER"]
[BlackTeamCountry "GER"]

1. e4 e5 2. Nf3 Nc6 3. Bc4 Nf6 4. d3 Be7 5. c3 0-0 6. Bb3 d5 7. exd5 Nxd5 8. 0-0 Bg4 9. Re1 Qd6 10. Bc2 f6 11. Nbd2 Rad8 12. Ne4 Qd7 13. Qe2 f5 14. Ng3 f4 15. Ne4 Nf6 16. b4 Nxe4 17. Qxe4 Bf5 18. Nxe5 Nxe5 19. Qxe5 Bd6 20. Qd5+ Kh8 21. Qxb7 Bg4 22. f3 Rb8 23. Qxa7 Bh5 24. d4 Rfe8 25. Bd2 Bxf3 26. gxf3 Qh3 27. Rf1 Rbd8 28. Bd3 g5 29. d5 g4 30. Qf2 gxf3 31. Qxf3 Rg8+ 32. Kh1 Rg3 33. Qe4 Rxd3 34. Bxf4 Rf8 35. Be5+ Bxe5 36. Qxe5+ Kg8 37. Qg5+ 1-0